[Event "13. Hogeschool Zeeland Tournament"]
[Site "Vlissingen NED"]
[Date "2009.08.02"]
[Round "2.28"]
[White "Lagrain, Jan"]
[Black "Zelbel, Patrick"]
[Result "0-1"]
[WhiteElo "2063"]
[BlackElo "2348"]
[PlyCount "90"]
[EventDate "2009.08.01"]
[EventType "swiss"]
[EventRounds "9"]
[EventCountry "NED"]
[Source "lmi"]
[SourceDate "2009.08.01"]

1. e4 e5 2. Nf3 Nc6 3. Bb5 a6 4. Ba4 Nf6 5. O-O Be7 6. Re1 b5 7. Bb3 d6 8. h3
O-O 9. c3 Nb8 10. d4 Nbd7 11. Nbd2 Bb7 12. Bc2 Re8 13. b3 Bf8 14. Bb2 g6 15. a4
Nh5 16. axb5 axb5 17. Bd3 c6 18. g3 Ng7 19. Qc2 Qb6 20. Nf1 Ne6 21. Ne3 Bg7 22.
Rad1 Ra2 23. Qc1 exd4 24. cxd4 Rxb2 25. Qxb2 Nxd4 26. Nxd4 Bxd4 27. Qd2 c5 28.
Nd5 Bxd5 29. exd5 Rxe1+ 30. Qxe1 Ne5 31. Qe2 Qa5 32. Kh2 Qa8 33. Be4 Qb7 34. f4
Nd7 35. Bg2 Nf6 36. b4 Qb6 37. bxc5 Qxc5 38. Qd3 Bc3 39. f5 Be5 40. fxg6 hxg6
41. Rf1 Nh5 42. Rf3 b4 43. h4 Qc3 44. Qb5 Bxg3+ 45. Kh3 Qc8+ 0-1

[Event "13. Hogeschool Zeeland Tournament"]
[Site "Vlissingen NED"]
[Date "2009.08.02"]
[Round "2.29"]
[White "Roobol, Martin"]
[Black "Reyniers, Pieter"]
[Result "0-1"]
[WhiteElo "2342"]
[BlackElo "2046"]
[PlyCount "72"]
[EventDate "2009.08.01"]
[EventType "swiss"]
[EventRounds "9"]
[EventCountry "NED"]
[Source "lmi"]
[SourceDate "2009.08.01"]

1. d4 f5 2. Nc3 Nf6 3. Bg5 d5 4. Bxf6 exf6 5. e3 Be6 6. Qf3 Qd7 7. Bb5 Nc6 8.
Nge2 a6 9. Ba4 Rd8 10. O-O b5 11. Bb3 Na5 12. Nf4 c6 13. Nce2 Bd6 14. c3 g6 15.
Rfd1 O-O 16. Bc2 Bb8 17. b3 Nb7 18. c4 dxc4 19. Nxe6 Qxe6 20. bxc4 bxc4 21.
Rab1 Na5 22. Rb6 Bc7 23. Rxa6 Qc8 24. Ra7 Qb8 25. Rxa5 Bxa5 26. Qxc6 Qc7 27.
Qb5 Rd6 28. Rb1 Rfd8 29. Nf4 Rb6 30. Qa4 Rxb1+ 31. Bxb1 Rb8 32. Bc2 Kf7 33. h4
Bb4 34. Qa6 Qc8 35. Qa7+ Qb7 36. Qa4 Ra8 0-1

[Event "13. Hogeschool Zeeland Tournament"]
[Site "Vlissingen NED"]
[Date "2009.08.02"]
[Round "2.30"]
[White "Meulblok, Willy"]
[Black "Van Dongen, Cor"]
[Result "0-1"]
[WhiteElo "2051"]
[BlackElo "2342"]
[PlyCount "108"]
[EventDate "2009.08.01"]
[EventType "swiss"]
[EventRounds "9"]
[EventCountry "NED"]
[Source "lmi"]
[SourceDate "2009.08.01"]

1. e4 c5 2. Nf3 d6 3. d4 cxd4 4. Nxd4 Nf6 5. Nc3 g6 6. Bc4 Bg7 7. f3 Nc6 8.
Nxc6 bxc6 9. Be3 O-O 10. Qd2 Be6 11. Bb3 Nd7 12. Bh6 Bxh6 13. Qxh6 Qa5 14. Bxe6
fxe6 15. h4 Qe5 16. Qg5 Qxg5 17. hxg5 e5 18. O-O-O Nc5 19. Rh4 Ne6 20. Rg4 Rf4
21. Rxf4 Nxf4 22. Rd2 Ne6 23. Nd1 Nxg5 24. Ne3 Kf7 25. Rd3 Rb8 26. Ra3 Rb7 27.
Rc3 c5 28. Rd3 Ne6 29. Rd2 h5 30. Nc4 Rb8 31. Kd1 h4 32. Ke1 Nf4 33. Kf1 Ke6
34. b3 Rh8 35. Kg1 Rh5 36. Ne3 Kd7 37. Nd5 Ne6 38. c3 Rh8 39. Ne3 Ng5 40. Ng4
Kc6 41. Nf2 h3 42. Re2 hxg2 43. Kxg2 a5 44. Nd3 Ne6 45. Rc2 Nf4+ 46. Nxf4 exf4
47. Rb2 Rh5 48. Re2 Rg5+ 49. Kf2 Rg3 50. Rd2 g5 51. c4 g4 52. fxg4 Rxg4 53. e5
dxe5 54. Rd5 Rg5 0-1

[Event "13. Hogeschool Zeeland Tournament"]
[Site "Vlissingen NED"]
[Date "2009.08.02"]
[Round "2.31"]
[White "Van Eijk, Sander"]
[Black "Vandevenne, Sander"]
[Result "1-0"]
[WhiteElo "2338"]
[BlackElo "2043"]
[PlyCount "67"]
[EventDate "2009.08.01"]
[EventType "swiss"]
[EventRounds "9"]
[EventCountry "NED"]
[Source "lmi"]
[SourceDate "2009.08.01"]

1. e4 e6 2. d4 d5 3. Nd2 c5 4. Ngf3 Nc6 5. exd5 exd5 6. Bb5 a6 7. Bxc6+ bxc6 8.
O-O Bd6 9. dxc5 Bxc5 10. Nb3 Bd6 11. Qd4 f6 12. Bf4 Ne7 13. Bxd6 Qxd6 14. Nc5
Kf7 15. b4 Nf5 16. Qd3 Qf4 17. c3 a5 18. a3 Re8 19. Rfe1 axb4 20. Rxe8 Kxe8 21.
Re1+ Kf7 22. Qe2 Kg6 23. Qe8+ Kh6 24. axb4 Nh4 25. Nxh4 Qxh4 26. Qxc6 Ra2 27.
g3 Qh3 28. Qxd5 Rc2 29. Qd3 Bf5 30. Qe3+ Kg6 31. Nd3 Bxd3 32. Qxd3+ Qf5 33.
Qxf5+ Kxf5 34. Re3 1-0

[Event "13. Hogeschool Zeeland Tournament"]
[Site "Vlissingen NED"]
[Date "2009.08.02"]
[Round "2.32"]
[White "Westerweele, Henrik"]
[Black "Bezemer, Arno"]
[Result "0-1"]
[WhiteElo "2044"]
[BlackElo "2332"]
[PlyCount "71"]
[EventDate "2009.08.01"]
[EventType "swiss"]
[EventRounds "9"]
[EventCountry "NED"]
[Source "lmi"]
[SourceDate "2009.08.01"]

1. e4 c5 2. c3 Nf6 3. e5 Nd5 4. d4 cxd4 5. Qxd4 e6 6. Bc4 Nc6 7. Qe4 d6 8. exd6
Nf6 9. Qe2 Bxd6 10. Nf3 O-O 11. Bg5 Qc7 12. Nbd2 Bd7 13. Bxf6 gxf6 14. Bd3 Be7
15. Ne4 Qf4 16. Rd1 f5 17. g3 Qh6 18. Ned2 e5 19. Bc4 e4 20. Nd4 Nxd4 21. cxd4
Qb6 22. O-O Qxb2 23. Rb1 Qxd4 24. Rfd1 Bc6 25. Nf3 Qf6 26. Nd4 Ba4 27. Rd2 Bc5
28. Nb3 Bb4 29. Rbd1 Rad8 30. Qh5 Rxd2 31. Rxd2 e3 32. Rd5 exf2+ 33. Kf1 Re8
34. Nc5 Bc6 35. Rxf5 Qa1+ 36. Kxf2 0-1

[Event "13. Hogeschool Zeeland Tournament"]
[Site "Vlissingen NED"]
[Date "2009.08.02"]
[Round "2.33"]
[White "Kuipers, Stefan"]
[Black "Lukas, Manfred"]
[Result "1-0"]
[WhiteElo "2324"]
[BlackElo "2037"]
[PlyCount "53"]
[EventDate "2009.08.01"]
[EventType "swiss"]
[EventRounds "9"]
[EventCountry "NED"]
[Source "lmi"]
[SourceDate "2009.08.01"]

1. e4 c5 2. Nf3 d6 3. d4 cxd4 4. Nxd4 Nf6 5. Nc3 g6 6. Be3 Bg7 7. f3 Nc6 8. Qd2
O-O 9. Bc4 Bd7 10. O-O-O Rc8 11. Bb3 Ne5 12. Kb1 Re8 13. h4 Nc4 14. Bxc4 Rxc4
15. g4 Qa5 16. Nb3 Qa6 17. e5 Nxg4 18. fxg4 Bxg4 19. Rdg1 h5 20. exd6 e5 21.
Bg5 f6 22. Bh6 Kh7 23. Bxg7 Kxg7 24. Qd5 Be6 25. Qd3 e4 26. Nxe4 Bf5 27. d7 1-0

[Event "13. Hogeschool Zeeland Tournament"]
[Site "Vlissingen NED"]
[Date "2009.08.02"]
[Round "2.34"]
[White "Kerkvliet, Max"]
[Black "De Jong, Migchiel"]
[Result "0-1"]
[WhiteElo "2037"]
[BlackElo "2319"]
[PlyCount "88"]
[EventDate "2009.08.01"]
[EventType "swiss"]
[EventRounds "9"]
[EventCountry "NED"]
[Source "lmi"]
[SourceDate "2009.08.01"]

1. d4 e6 2. c4 Bb4+ 3. Nc3 f5 4. g3 Nf6 5. Bg2 O-O 6. Nf3 Ne4 7. Bd2 Bxc3 8.
Bxc3 d6 9. Qc2 Nd7 10. O-O Qe7 11. Nd2 Nxc3 12. Qxc3 e5 13. e3 a5 14. Nb3 a4
15. Nd2 c6 16. b4 axb3 17. axb3 Rxa1 18. Qxa1 Nf6 19. Qc3 exd4 20. Qxd4 Be6 21.
Ra1 d5 22. Ra7 dxc4 23. Nxc4 Qb4 24. Nd6 Qe1+ 25. Bf1 Ne4 26. Nxe4 fxe4 27. Qb2
Rf6 28. Rxb7 Bh3 29. Qe2 Qxe2 30. Bxe2 Rd6 31. Ra7 Rd2 32. Bc4+ Kf8 33. Ra1 Rb2
34. Rc1 Ke7 35. Bg8 g6 36. Bxh7 Kf7 37. Bxg6+ Kxg6 38. Rxc6+ Kg5 39. Rc1 Kg4
40. f4 exf3 41. Rc4+ Kg5 42. Rc5+ Kf6 43. Rc6+ Ke7 44. Rc7+ Ke8 0-1

[Event "13. Hogeschool Zeeland Tournament"]
[Site "Vlissingen NED"]
[Date "2009.08.02"]
[Round "2.35"]
[White "Litwak, Aleksej"]
[Black "Hawkins, James N H"]
[Result "1-0"]
[WhiteElo "2268"]
[BlackElo "2028"]
[PlyCount "107"]
[EventDate "2009.08.01"]
[EventType "swiss"]
[EventRounds "9"]
[EventCountry "NED"]
[Source "lmi"]
[SourceDate "2009.08.01"]

1. e4 e5 2. Nf3 Nc6 3. Bb5 a6 4. Ba4 Nf6 5. O-O Nxe4 6. d4 b5 7. Bb3 d5 8. dxe5
Be6 9. Nbd2 Nc5 10. c3 Be7 11. Bc2 Bg4 12. Re1 O-O 13. Nb3 Ne6 14. Qd3 g6 15.
Bh6 Re8 16. Qe3 Ng7 17. Qf4 Be6 18. Nfd4 Nxd4 19. Nxd4 Bd7 20. Rad1 Ne6 21. Qf3
Nxd4 22. cxd4 Be6 23. Rc1 Qd7 24. Bd2 a5 25. Bd3 Rec8 26. Qe2 c6 27. Qf3 b4 28.
Be3 a4 29. h3 Ra5 30. Qf4 Qd8 31. Re2 b3 32. a3 Ra7 33. Ree1 Qf8 34. Rc3 Qd8
35. Rec1 Qb6 36. g4 Ra5 37. Kg2 Qb7 38. Kg3 Qd7 39. g5 Kg7 40. h4 c5 41. dxc5
Qc6 42. Qd4 Rh8 43. Rh1 Rc8 44. Rhc1 Kf8 45. Be2 Ke8 46. Bf3 Rd8 47. Qd2 Ra7
48. Bd4 Kd7 49. Qf4 Kc8 50. Rc4 Ra5 51. Rb4 Rxc5 52. Bxc5 Bxc5 53. Qd4 Bxd4 54.
Rxc6+ 1-0

[Event "13. Hogeschool Zeeland Tournament"]
[Site "Vlissingen NED"]
[Date "2009.08.02"]
[Round "2.36"]
[White "Go, Benjamin"]
[Black "Provoost, Simon"]
[Result "0-1"]
[WhiteElo "2162"]
[BlackElo "2265"]
[PlyCount "28"]
[EventDate "2009.08.01"]
[EventType "swiss"]
[EventRounds "9"]
[EventCountry "NED"]
[Source "lmi"]
[SourceDate "2009.08.01"]

1. e4 c6 2. d4 d5 3. Nc3 dxe4 4. Bc4 Nf6 5. Bg5 Bf5 6. f3 exf3 7. Nxf3 e6 8.
O-O Be7 9. Ne5 Bg6 10. h4 Nbd7 11. Qe2 Nxe5 12. Qxe5 h6 13. Rae1 hxg5 14. hxg5
Bd6 0-1

[Event "13. Hogeschool Zeeland Tournament"]
[Site "Vlissingen NED"]
[Date "2009.08.02"]
[Round "2.37"]
[White "Freeke, Matthieu"]
[Black "Van de Groep, William"]
[Result "1-0"]
[WhiteElo "2264"]
[BlackElo "2025"]
[PlyCount "53"]
[EventDate "2009.08.01"]
[EventType "swiss"]
[EventRounds "9"]
[EventCountry "NED"]
[Source "lmi"]
[SourceDate "2009.08.01"]

1. d4 g6 2. c4 Bg7 3. e4 d6 4. Nc3 Nf6 5. Nf3 O-O 6. Be2 e5 7. d5 a5 8. Bg5 h6
9. Bh4 Nbd7 10. Nd2 Re8 11. a3 Nf8 12. f3 g5 13. Bf2 Ng6 14. g3 Bh3 15. Nf1 Nd7
16. Ne3 h5 17. Rb1 Rf8 18. Qc2 Nf6 19. Nf5 Bh8 20. Be3 Nh7 21. Rg1 Bf6 22. g4
Nf4 23. Nd1 Ng2+ 24. Kd2 Nxe3 25. Nfxe3 c6 26. Nf2 Bxg4 27. fxg4 1-0

[Event "13. Hogeschool Zeeland Tournament"]
[Site "Vlissingen NED"]
[Date "2009.08.02"]
[Round "2.38"]
[White "Roggeveen, Wouter"]
[Black "Heltzel, Joost"]
[Result "1/2-1/2"]
[WhiteElo "2025"]
[BlackElo "2262"]
[PlyCount "89"]
[EventDate "2009.08.01"]
[EventType "swiss"]
[EventRounds "9"]
[EventCountry "NED"]
[Source "lmi"]
[SourceDate "2009.08.01"]

1. e4 c5 2. Nf3 g6 3. d4 cxd4 4. Nxd4 Nc6 5. Nc3 Bg7 6. Be3 Nf6 7. Bc4 O-O 8.
Bb3 a5 9. a4 Ng4 10. Qxg4 Nxd4 11. Bxd4 Bxd4 12. Qg3 d6 13. O-O-O Bxc3 14. Qxc3
Be6 15. h4 Rc8 16. Qe3 Qc7 17. h5 Bxb3 18. Qxb3 Qc4 19. Rd3 Rc5 20. Rc3 Qxb3
21. Rxb3 Rfc8 22. c3 R8c7 23. hxg6 hxg6 24. Kc2 Kg7 25. Rd1 f5 26. Rd5 fxe4 27.
Rxc5 Rxc5 28. Rxb7 Kf6 29. Rb5 Rf5 30. Rxf5+ gxf5 31. b4 Ke5 32. b5 d5 33. Kd2
Kd6 34. Ke3 e5 35. g3 Kc5 36. Kd2 Kd6 37. Ke3 Kc5 38. Kd2 Kd6 39. Ke2 Kc5 40.
f3 exf3+ 41. Kxf3 Kd6 42. g4 fxg4+ 43. Kxg4 Ke6 44. Kg5 Ke7 45. Kg4 1/2-1/2

[Event "13. Hogeschool Zeeland Tournament"]
[Site "Vlissingen NED"]
[Date "2009.08.02"]
[Round "2.39"]
[White "Tiggelman, Rene"]
[Black "Beijerinck, Nick"]
[Result "1/2-1/2"]
[WhiteElo "2250"]
[BlackElo "2022"]
[PlyCount "82"]
[EventDate "2009.08.01"]
[EventType "swiss"]
[EventRounds "9"]
[EventCountry "NED"]
[Source "lmi"]
[SourceDate "2009.08.01"]

1. Nf3 Nf6 2. c4 g6 3. Nc3 Bg7 4. d4 O-O 5. e4 d6 6. Be2 e5 7. d5 a5 8. Bg5 h6
9. Bh4 Qe8 10. Nd2 Na6 11. a3 Bd7 12. b3 g5 13. Bg3 Nxe4 14. Ndxe4 f5 15. f3
fxe4 16. Nxe4 Nc5 17. O-O Bf5 18. Bd3 b6 19. Bc2 Qg6 20. Qe2 h5 21. b4 Nxe4 22.
fxe4 Bg4 23. Qd2 axb4 24. axb4 Rxf1+ 25. Rxf1 Ra2 26. Qc3 h4 27. Bf2 h3 28.
gxh3 Be2 29. Re1 Qh5 30. Qb3 Bf3 31. Bd1 Rxf2 32. Kxf2 Qh4+ 33. Kxf3 Qxe1 34.
Kg2 Qd2+ 35. Kf1 Qxh2 36. Qf3 Qa2 37. Be2 Qb1+ 38. Kg2 Qxb4 39. Qf5 Qd2 40.
Qe6+ Kh7 41. Qf5+ Kg8 1/2-1/2

[Event "13. Hogeschool Zeeland Tournament"]
[Site "Vlissingen NED"]
[Date "2009.08.02"]
[Round "2.40"]
[White "Boulahfa, Hicham"]
[Black "Rajesh, V A V."]
[Result "0-1"]
[WhiteElo "2022"]
[BlackElo "2249"]
[PlyCount "58"]
[EventDate "2009.08.01"]
[EventType "swiss"]
[EventRounds "9"]
[EventCountry "NED"]
[Source "lmi"]
[SourceDate "2009.08.01"]

1. d4 Nf6 2. c4 g6 3. Nf3 Bg7 4. g3 O-O 5. Bg2 d6 6. O-O Nc6 7. Nc3 a6 8. e4
Rb8 9. d5 Na5 10. Qd3 c5 11. Kh1 b5 12. Nd2 Nd7 13. f4 Nb6 14. cxb5 axb5 15.
Rb1 c4 16. Qe3 b4 17. Ne2 Ba6 18. Nf3 c3 19. bxc3 bxc3 20. Qf2 Nbc4 21. Rxb8
Qxb8 22. Ned4 Nb2 23. Rg1 Qb6 24. Bf1 Bxf1 25. Rxf1 Qa6 26. f5 Qc4 27. fxg6
hxg6 28. Be3 Qd3 29. Ng5 Nd1 0-1

[Event "13. Hogeschool Zeeland Tournament"]
[Site "Vlissingen NED"]
[Date "2009.08.02"]
[Round "2.41"]
[White "Leenaerts, Robin"]
[Black "Roessler, Wolfgang"]
[Result "1-0"]
[WhiteElo "2248"]
[BlackElo "2020"]
[PlyCount "77"]
[EventDate "2009.08.01"]
[EventType "swiss"]
[EventRounds "9"]
[EventCountry "NED"]
[Source "lmi"]
[SourceDate "2009.08.01"]

1. e4 d5 2. exd5 Qxd5 3. Nc3 Qa5 4. d4 c6 5. Nf3 Nf6 6. Bc4 Bf5 7. Bd2 e6 8.
Qe2 Qb6 9. Na4 Qc7 10. Bb3 Nbd7 11. O-O Bg4 12. h3 Bxf3 13. Qxf3 O-O-O 14. c4
c5 15. dxc5 Nxc5 16. Be3 Be7 17. Nc3 a6 18. Bc2 Nd3 19. Na4 Nc5 20. b4 Nxa4 21.
Bxa4 Kb8 22. Rfc1 e5 23. Rab1 Rd3 24. Ba7+ Kxa7 25. Qxd3 Rd8 26. Qe3+ Ka8 27.
c5 Nd5 28. Qf3 Bg5 29. Rd1 e4 30. Qf5 Nc3 31. Qxg5 Rxd1+ 32. Rxd1 Nxd1 33. Bxd1
Qd7 34. Bb3 Qd4 35. a3 f6 36. Qd5 Qa1+ 37. Kh2 Qxa3 38. Qd8+ Ka7 39. Qb6+ 1-0

[Event "13. Hogeschool Zeeland Tournament"]
[Site "Vlissingen NED"]
[Date "2009.08.02"]
[Round "2.42"]
[White "Leinwand, Eduard"]
[Black "Padmini, Rout"]
[Result "0-1"]
[WhiteElo "2016"]
[BlackElo "2243"]
[PlyCount "88"]
[EventDate "2009.08.01"]
[EventType "swiss"]
[EventRounds "9"]
[EventCountry "NED"]
[Source "lmi"]
[SourceDate "2009.08.01"]

1. d4 Nf6 2. c4 g6 3. g3 c6 4. Bg2 d5 5. cxd5 cxd5 6. Nf3 Bg7 7. O-O O-O 8. Ne5
e6 9. Nc3 Nfd7 10. Nxd7 Qxd7 11. Bf4 Nc6 12. e3 b6 13. Qa4 Bb7 14. e4 dxe4 15.
Nxe4 Rad8 16. d5 exd5 17. Nd6 g5 18. Nxb7 Qxb7 19. Bxg5 Rd7 20. Rad1 Ne5 21.
Qb5 a6 22. Qe2 f6 23. Be3 Rfd8 24. Qh5 Rd6 25. b3 Qf7 26. Qxf7+ Kxf7 27. Bd4
Nd7 28. Rd2 Nc5 29. Rfd1 Ne4 30. Rd3 f5 31. f3 Nc5 32. R3d2 Bxd4+ 33. Rxd4 Ne6
34. R4d2 d4 35. Bf1 b5 36. a4 bxa4 37. bxa4 Kf6 38. Kf2 Rc8 39. Rb1 Rc5 40. Rb4
h6 41. h4 Rc3 42. Bd3 Nc5 43. Bc4 a5 44. Rb5 Rxc4 0-1

[Event "13. Hogeschool Zeeland Tournament"]
[Site "Vlissingen NED"]
[Date "2009.08.02"]
[Round "2.43"]
[White "Marcziter, Dmitrii"]
[Black "Foo, Benjamin"]
[Result "1-0"]
[WhiteElo "2238"]
[BlackElo "2013"]
[PlyCount "135"]
[EventDate "2009.08.01"]
[EventType "swiss"]
[EventRounds "9"]
[EventCountry "NED"]
[Source "lmi"]
[SourceDate "2009.08.01"]

1. d4 Nf6 2. Nf3 g6 3. c4 Bg7 4. g3 O-O 5. Bg2 d6 6. O-O Nbd7 7. Nc3 e5 8. e4
exd4 9. Nxd4 Nc5 10. h3 Re8 11. Re1 c6 12. Qc2 a5 13. Rb1 Nfd7 14. Rd1 Qf6 15.
Be3 Ne5 16. b3 Be6 17. f4 Ned7 18. Bf2 Nb6 19. e5 dxe5 20. Nxe6 Nxe6 21. Bxb6
exf4 22. Ne4 Qe5 23. gxf4 Nxf4 24. Bd4 Nxh3+ 25. Bxh3 Qxe4 26. Qxe4 Rxe4 27.
Bxg7 Kxg7 28. Rd7 b5 29. Bg2 Rg4 30. cxb5 cxb5 31. Rf1 Rf8 32. Rb7 Rg5 33. Ra7
b4 34. Rd7 h6 35. Rf2 h5 36. Kh2 Rg4 37. Bf1 Kh6 38. Rdxf7 Re8 39. R7f4 Rxf4
40. Rxf4 Rd8 41. Rf2 g5 42. Kg3 Kg6 43. Bc4 Rd7 44. Bb5 Rd8 45. Rc2 h4+ 46. Kh3
Kf5 47. Rf2+ Kg6 48. Bc4 Rd7 49. Re2 Kh5 50. Re5 Rd4 51. Be2+ Kh6 52. Rxa5 Re4
53. Ra6+ Kg7 54. Bc4 Re3+ 55. Kg4 h3 56. Ra5 Kh6 57. Ra6+ Kg7 58. Rd6 h2 59.
Rd1 Rc3 60. Rh1 Rc2 61. Kg3 Rxa2 62. Rxh2 Ra5 63. Kg4 Kf6 64. Re2 Kg6 65. Bd3+
Kg7 66. Re4 Ra8 67. Kxg5 Rd8 68. Bc4 1-0

[Event "13. Hogeschool Zeeland Tournament"]
[Site "Vlissingen NED"]
[Date "2009.08.02"]
[Round "2.44"]
[White "Zilverberg, Jasper"]
[Black "Sarrau, Jelle"]
[Result "0-1"]
[WhiteElo "2015"]
[BlackElo "2229"]
[PlyCount "72"]
[EventDate "2009.08.01"]
[EventType "swiss"]
[EventRounds "9"]
[EventCountry "NED"]
[Source "lmi"]
[SourceDate "2009.08.01"]

1. e4 e6 2. d4 d5 3. exd5 exd5 4. c4 Nc6 5. Nc3 Bb4 6. a3 Bxc3+ 7. bxc3 Nge7 8.
Nf3 O-O 9. Bd3 Bf5 10. O-O Bxd3 11. Qxd3 dxc4 12. Qxc4 Qd5 13. Qxd5 Nxd5 14. c4
Nb6 15. Rb1 Nd8 16. Bf4 c6 17. Rfc1 f6 18. Bc7 Rf7 19. Bxb6 axb6 20. Rc3 Ra6
21. Re3 Rd7 22. h4 Kf7 23. Rbe1 Ra4 24. Rc3 Ne6 25. Rd1 Nc7 26. Rb1 h5 27. d5
b5 28. Rbc1 Rxc4 29. Rxc4 bxc4 30. Rxc4 b6 31. Kf1 Nxd5 32. Ke2 Ra7 33. Kd3
Rxa3+ 34. Ke4 Nc3+ 35. Kf5 g6+ 36. Kf4 Ra4 0-1

[Event "13. Hogeschool Zeeland Tournament"]
[Site "Vlissingen NED"]
[Date "2009.08.02"]
[Round "2.46"]
[White "Veldhuijsen, Klaas"]
[Black "Duchene, Rene"]
[Result "0-1"]
[WhiteElo "2013"]
[BlackElo "2216"]
[PlyCount "82"]
[EventDate "2009.08.01"]
[EventType "swiss"]
[EventRounds "9"]
[EventCountry "NED"]
[Source "lmi"]
[SourceDate "2009.08.01"]

1. e4 c5 2. Nf3 Nc6 3. c3 e6 4. d4 d5 5. e5 Qb6 6. a3 Nh6 7. Bd3 cxd4 8. cxd4
Nf5 9. Bxf5 exf5 10. Nc3 Be6 11. O-O Rc8 12. Re1 Be7 13. Na4 Qd8 14. h4 h6 15.
h5 O-O 16. b4 b6 17. Bd2 Qd7 18. Qb3 Rc7 19. Rac1 Rfc8 20. Rc3 Nd8 21. Rxc7
Rxc7 22. Rc1 Rxc1+ 23. Bxc1 Qb5 24. Qc2 Nc6 25. Bd2 a5 26. bxa5 Nxa5 27. Bxa5
bxa5 28. Nc5 Qc4 29. Qxc4 dxc4 30. Kf1 Bd5 31. Ke2 g5 32. hxg6 fxg6 33. Kd2 Kf7
34. Ne1 g5 35. f3 h5 36. Ke2 h4 37. Kf2 Bxc5 38. dxc5 Ke6 39. Ke3 Kxe5 40. Nc2
Bc6 41. Kf2 f4 0-1

[Event "13. Hogeschool Zeeland Tournament"]
[Site "Vlissingen NED"]
[Date "2009.08.02"]
[Round "2.47"]
[White "De Vos, Nils"]
[Black "Driessen, Wim"]
[Result "1-0"]
[WhiteElo "2205"]
[BlackElo "2001"]
[PlyCount "61"]
[EventDate "2009.08.01"]
[EventType "swiss"]
[EventRounds "9"]
[EventCountry "NED"]
[Source "lmi"]
[SourceDate "2009.08.01"]

1. e4 c5 2. Nc3 e6 3. g3 d5 4. exd5 exd5 5. d3 Nf6 6. Bg2 Nc6 7. Nge2 d4 8. Ne4
Nxe4 9. dxe4 Bg4 10. h3 Bh5 11. O-O Bd6 12. f4 f6 13. a3 O-O 14. g4 Bf7 15. Ng3
c4 16. Kh1 Re8 17. Qf3 Qc7 18. Rd1 Rad8 19. h4 g5 20. hxg5 fxg5 21. Nf5 Bg6 22.
Nxd6 Rxd6 23. f5 Bxf5 24. exf5 Rh6+ 25. Kg1 Qh2+ 26. Kf1 Rh4 27. Bxg5 Ne5 28.
Qd5+ Kf8 29. Qd6+ Kf7 30. Bd5+ Kg7 31. Qf6# 1-0

[Event "13. Hogeschool Zeeland Tournament"]
[Site "Vlissingen NED"]
[Date "2009.08.02"]
[Round "2.48"]
[White "Koelmans, Jan Willem"]
[Black "Dek, Lennart"]
[Result "1/2-1/2"]
[WhiteElo "2008"]
[BlackElo "2205"]
[PlyCount "81"]
[EventDate "2009.08.01"]
[EventType "swiss"]
[EventRounds "9"]
[EventCountry "NED"]
[Source "lmi"]
[SourceDate "2009.08.01"]

1. d4 d6 2. c4 e5 3. Nf3 e4 4. Ng5 f5 5. g3 Be7 6. Nh3 Nf6 7. Bg2 O-O 8. Nc3 c6
9. O-O d5 10. Qb3 Kh8 11. Rd1 dxc4 12. Qxc4 Nbd7 13. Nf4 Nb6 14. Qb3 Nfd5 15.
Nfxd5 cxd5 16. Bf4 Bd7 17. a4 Bc6 18. a5 Nc4 19. a6 b6 20. e3 Rc8 21. Bf1 Be8
22. Be2 Qd7 23. Rac1 Bf7 24. h4 h6 25. Qb5 Qe6 26. h5 Rfd8 27. Qb3 Qd7 28. Qa2
Bg5 29. b3 Na5 30. Be5 Nc6 31. Nb5 Nxe5 32. dxe5 Bxh5 33. Rxc8 Rxc8 34. Nd6
Bxe2 35. Qxe2 Rc3 36. b4 Bf6 37. exf6 Qxd6 38. fxg7+ Kxg7 39. Qb2 Qf6 40. Rxd5
Rc7 41. Qe2 1/2-1/2

[Event "13. Hogeschool Zeeland Tournament"]
[Site "Vlissingen NED"]
[Date "2009.08.02"]
[Round "2.49"]
[White "Van Weersel, Arlette"]
[Black "Harini, S."]
[Result "1-0"]
[WhiteElo "2204"]
[BlackElo "1986"]
[PlyCount "65"]
[EventDate "2009.08.01"]
[EventType "swiss"]
[EventRounds "9"]
[EventCountry "NED"]
[Source "lmi"]
[SourceDate "2009.08.01"]

1. e4 c5 2. c4 Nc6 3. Ne2 Nf6 4. Nbc3 e6 5. d4 cxd4 6. Nxd4 Bb4 7. Nxc6 bxc6 8.
Bd3 Qc7 9. O-O h5 10. f4 Ng4 11. Na4 Qa5 12. Qc2 Bc5+ 13. Nxc5 Qxc5+ 14. Kh1 d6
15. a3 Qb6 16. b4 c5 17. Rb1 Bd7 18. b5 e5 19. Be2 Qd8 20. Bxg4 hxg4 21. g3 g6
22. Bb2 Qe7 23. Rbd1 Rh5 24. Qd3 exf4 25. Rxf4 Be6 26. Bf6 Qc7 27. a4 a6 28.
Qxd6 Qxd6 29. Rxd6 axb5 30. cxb5 c4 31. e5 Bd7 32. Rfd4 Ra7 33. Rxc4 1-0

[Event "13. Hogeschool Zeeland Tournament"]
[Site "Vlissingen NED"]
[Date "2009.08.02"]
[Round "2.50"]
[White "Van Cappellen, Jonas"]
[Black "Kiran, Manisha Mohanty"]
[Result "0-1"]
[WhiteElo "2002"]
[BlackElo "2203"]
[PlyCount "58"]
[EventDate "2009.08.01"]
[EventType "swiss"]
[EventRounds "9"]
[EventCountry "NED"]
[Source "lmi"]
[SourceDate "2009.08.01"]

1. e4 c5 2. Nf3 Nc6 3. d4 cxd4 4. Nxd4 Nf6 5. Nc3 d6 6. Bc4 e6 7. O-O Be7 8.
Kh1 a6 9. Bb3 O-O 10. Be3 Qc7 11. f4 b5 12. a3 Na5 13. Qd3 Nb7 14. e5 Nc5 15.
Qe2 Nfe4 16. Nxe4 Nxe4 17. Nf3 Nc5 18. Rfd1 Bb7 19. Ba2 Rfd8 20. c4 Bxf3 21.
Qxf3 dxe5 22. b4 e4 23. Qe2 Nd3 24. Rd2 bxc4 25. Rc2 c3 26. Bd2 Bf6 27. Rf1
Rac8 28. f5 exf5 29. Rxf5 cxd2 0-1

[Event "13. Hogeschool Zeeland Tournament"]
[Site "Vlissingen NED"]
[Date "2009.08.02"]
[Round "3.1"]
[White "Zelbel, Patrick"]
[Black "Beliavsky, Alexander G"]
[Result "1-0"]
[WhiteElo "2348"]
[BlackElo "2662"]
[PlyCount "77"]
[EventDate "2009.08.01"]
[EventType "swiss"]
[EventRounds "9"]
[EventCountry "NED"]
[Source "lmi"]
[SourceDate "2009.08.01"]

1. e4 e5 2. f4 exf4 3. Nf3 d6 4. Nc3 Nc6 5. d4 g5 6. g3 g4 7. Nh4 f3 8. Be3 Be7
9. Qd2 h6 10. O-O-O Bg5 11. Bb5 Bxe3 12. Qxe3 Qg5 13. Nd5 Nge7 14. Nf5 Bxf5 15.
exf5 O-O-O 16. Qxg5 hxg5 17. Ne3 Nb4 18. f6 Ned5 19. Nxg4 Nxa2+ 20. Kd2 Nab4
21. c3 c6 22. Bc4 Na6 23. Bxd5 cxd5 24. Ke3 Nc7 25. Kxf3 Rde8 26. Rde1 Re6 27.
Rxe6 fxe6 28. h4 Kd7 29. Rh2 gxh4 30. Rxh4 Rf8 31. Rh7+ Kc6 32. Kf4 Ne8 33. f7
Kd7 34. Ke3 Nc7 35. Nf6+ Ke7 36. Ng8+ Kd7 37. g4 e5 38. g5 Ne6 39. g6 1-0

[Event "13. Hogeschool Zeeland Tournament"]
[Site "Vlissingen NED"]
[Date "2009.08.02"]
[Round "3.3"]
[White "Bezemer, Arno"]
[Black "Khairullin, Ildar"]
[Result "1/2-1/2"]
[WhiteElo "2332"]
[BlackElo "2602"]
[PlyCount "72"]
[EventDate "2009.08.01"]
[EventType "swiss"]
[EventRounds "9"]
[EventCountry "NED"]
[Source "lmi"]
[SourceDate "2009.08.01"]

1. d4 Nf6 2. c4 e6 3. Nc3 Bb4 4. e3 O-O 5. Bd3 c5 6. Nf3 cxd4 7. exd4 b6 8. O-O
Bb7 9. Bg5 Be7 10. Qe2 Nc6 11. Rad1 h6 12. Bxf6 Bxf6 13. Qe4 g6 14. Qf4 Bg7 15.
d5 Ne7 16. Be4 Rc8 17. d6 Nc6 18. Nb5 Ba6 19. b3 Bxb5 20. cxb5 e5 21. Qg3 Nd4
22. Nxd4 exd4 23. Bd5 Qf6 24. Bc4 Rc5 25. h4 Re8 26. Rd3 Rf5 27. Rf3 Ree5 28.
Rxf5 Qxf5 29. Rd1 Qf6 30. Qg4 Qxd6 31. Qf3 Qe7 32. g3 d6 33. Kg2 Rf5 34. Qa8+
Kh7 35. Rd3 Qe2 36. Rf3 Qxf3+ 1/2-1/2